000 00498nam a22002057a 4500
003 koha_MIRAKIL
005 20231213100106.0
008 231213b |||||||| |||| 00| 0 ||| d
020 _b978-9-75602204-7
040 _aTR-IsEVY
_btur
_cTR-IsEVY
082 _a813.42 İBİ/E
100 _aİbiş, Şule.
245 0 _aElbid avcısı
250 _a2. bs.
260 _bBU Yayınevi,
_c2010
300 _a328 s.
650 _aTürk romanı.
650 _aTurkish fiction.
942 _2ddc
_cBK
999 _c14392
_d14392